000 00734nam a2200205Ia 4500
003 OSt
005 20250211122742.0
008 210210b2006 xxu||||| |||| 00| 0 eng d
040 _cAL
041 _aKannada
082 _aK894.8 SUBB
100 _aSUBBANNA KE VI nenapina modala odu malike.
_dಸುಬ್ಬಣ್ಣ ಕೆ ವಿ (ನೆನಪಿನ ಮೊದಲ ಓದು ಮಾಲಿಕೆ ).
_9179201
245 _aB G L Svami avara ayda barahagalu.
_bಬಿ ಜಿ ಎಲ್ ಸ್ವಾಮಿ ಅವರ ಅಯ್ದ ಬರಹಗಳು
260 _aHeggodu
_bAkshara Prakashana
_c2006
300 _a108
650 _aBi Ji El Svami
_9179202
690 _aKannada Collections
_9179203
906 _a061582
942 _2ddc
_cBK
999 _c108409
_d108409